[Event "Challenge"]
[Site "http://www.queenalice.com/game.php?id=1435575"]
[Date "2016.8.10"]
[Round "-"]
[White "paco78"]
[Black "MADMIKE"]
[Result "0-1"]
[WhiteElo "1880"]
[BlackElo "1948"]

1. d4 d5 2. Nc3 a6 3. Bf4 e6 4. a3 Be7 5. Nf3 Nc6 6. e3 h6 7. Ne5 Nf6 8. h3 O-O
9. Nxc6 bxc6 10. Qd3 c5 11. dxc5 Bxc5 12. b4 Bb6 13. Na4 Bd7 14. Nxb6 cxb6 15.
Be2 Bb5 16. Qd2 Ne4 17. Qd4 Bxe2 18. Kxe2 Rc8 19. Rac1 Nc3+ 20. Kd3 Ne4 21. Rhf1
Qd7 22. Qxb6 Rc3+ 23. Kd4 Rxa3 24. f3 Nd2 25. Rfd1 Nc4 26. Qc7 Qxc7 27. Bxc7
Rxe3 28. Ra1 Re2 29. g3 Rc8 30. Bf4 e5+ 31. Bxe5 Nxe5 32. Kxd5 Nxf3 33. h4 Rexc2
34. Rxa6 Rd8+ 35. Rd6 Rb8 36. Rf1 Rb5+ 37. Ke4 Nd2+ 38. Rxd2 Rxd2 39. Ke3 Rb2
40. Rd1 R5xb4 41. Kf3 R2b3+ 42. Kf2 f5 43. Rd6 Ra4 44. Re6 Ra2+ 45. Re2 Rxe2+
46. Kxe2 Rxg3 47. Kf2 f4 48. h5 Ra3 49. Kf1 Ra2 50. Kg1 f3 51. Kf1 f2 52. Kg2 g5
53. Kf1 g4 54. Kg2 g3 55. Kf1 Kg7 56. Kg2 Kf6 57. Kf1 Kg5 58. Kg2 Kg4 59. Kf1
Ra1+ 60. Ke2 f1=Q+ 61. Ke3 Qc4 62. Kd2 Ra3 63. Kd1 Ra2 64. Ke1 Qc1# 0-1

[Event "AUTO-ADV-3703"]
[Site "http://www.queenalice.com/game.php?id=1441277"]
[Date "2016.9.14"]
[Round "1"]
[White "paco78"]
[Black "Jackzapo"]
[Result "0-1"]
[WhiteElo "1777"]
[BlackElo "1776"]

1. d4 Nf6 2. Nc3 e6 3. a3 d5 4. h3 c5 5. dxc5 Bxc5 6. Bf4 O-O 7. e3 a6 8. Nf3
Nc6 9. b4 Bd6 10. Bxd6 Qxd6 11. b5 Ne5 12. Nd4 Bd7 13. a4 Rfc8 14. Qd2 Nc4 15.
Bxc4 Rxc4 16. O-O Rac8 17. Nce2 Ne4 18. Qa5 e5 19. f3 Nf6 20. bxa6 bxa6 21. Nb3
Rxc2 22. Rfe1 Bf5 23. g4 Bd3 24. Nec1 Rb2 25. Nxd3 Rxb3 26. Qd2 Rcb8 27. f4 exf4
28. Nxf4 Ne4 29. Qxd5 Qxd5 30. Nxd5 Rb2 31. a5 Rd2 32. Ne7+ Kf8 33. Nc6 Rbb2 34.
Ne5 Rg2+ 0-1

[Event "AUTO-ADV-3703"]
[Site "http://www.queenalice.com/game.php?id=1441278"]
[Date "2016.9.14"]
[Round "1"]
[White "Jackzapo"]
[Black "paco78"]
[Result "0-1"]
[WhiteElo "1777"]
[BlackElo "1873"]

1. d4 d5 2. c4 dxc4 3. Nc3 Nf6 4. h3 Nc6 5. e4 Nxd4 6. Bxc4 Nc6 7. Qe2 e5 8. Nf3
a6 9. O-O h6 10. Rd1 Bd6 11. a3 O-O 12. b4 b5 13. Bb3 Qe7 14. Qc2 Bb7 15. Be3
Rfd8 16. Rac1 a5 17. Nxb5 axb4 18. Nxd6 Rxd6 19. Rxd6 Qxd6 20. Bc5 Qd7 21. axb4
Re8 22. Qc4 Nd4 23. Bxd4 exd4 24. Nxd4 Rxe4 25. Rd1 Bd5 26. Qd3 Bxb3 27. Rd2 Qd6
28. Nxb3 Re1+ 0-1

[Event "AUTO-ADV-3703"]
[Site "http://www.queenalice.com/game.php?id=1441279"]
[Date "2016.9.14"]
[Round "1"]
[White "paco78"]
[Black "Nonato65"]
[Result "0-1"]
[WhiteElo "1884"]
[BlackElo "2037"]

1. d4 d5 2. Nc3 c6 3. Bf4 Nf6 4. h3 e6 5. a3 Be7 6. e3 Nbd7 7. Nf3 O-O 8. Qd3 c5
9. dxc5 Nxc5 10. Qd4 a6 11. b4 Nce4 12. Be2 Nxc3 13. Qxc3 Ne4 14. Qb3 b5 15. Ne5
Bb7 16. O-O Nd2 17. Qc3 Nxf1 18. Bxf1 Rc8 19. Qd4 Bf6 20. c3 h6 21. a4 g5 22.
Bh2 Bg7 23. axb5 axb5 24. Bxb5 Qc7 25. Ra3 Ra8 26. Rb3 Rfc8 27. f4 f6 28. Ng6
Qf7 29. Qd3 Ra1+ 0-1

[Event "AUTO-ADV-3703"]
[Site "http://www.queenalice.com/game.php?id=1441280"]
[Date "2016.9.14"]
[Round "1"]
[White "Nonato65"]
[Black "paco78"]
[Result "1-0"]
[WhiteElo "2069"]
[BlackElo "1889"]

1. e4 e5 2. f4 exf4 3. Nf3 Nc6 4. d4 Qf6 5. Bc4 h6 6. Nc3 Bb4 7. O-O a6 8. e5
Qe7 9. Bxf4 b5 10. Nd5 Qd8 11. e6 d6 12. exf7+ Kxf7 13. Nxb4+ d5 14. Nxc6 Qd7
15. Nce5+ 1-0

[Event "AUTO-ADV-3703"]
[Site "http://www.queenalice.com/game.php?id=1441281"]
[Date "2016.9.14"]
[Round "1"]
[White "paco78"]
[Black "dmbenati"]
[Result "1-0"]
[WhiteElo "1895"]
[BlackElo "1725"]

1. d4 d5 2. Nc3 Bf5 3. Bf4 a6 4. h3 Nc6 5. a3 Nf6 6. Nf3 e6 7. Nh4 Ne4 8. Nxf5
Nxc3 9. Nxg7+ Bxg7 10. bxc3 Qe7 11. e3 O-O-O 12. a4 e5 13. dxe5 Nxe5 14. Be2 Nc6
15. Qd3 Be5 16. O-O Bxf4 17. exf4 Qf6 18. Rab1 Nb8 19. Bg4+ Nd7 20. g3 Qc6 21.
Qd4 Kb8 22. Bf3 Nc5 23. Rfd1 Nxa4 24. Bxd5 Qxc3 25. Qxa4 c6 26. Bxf7 Rxd1+ 27.
Rxd1 Qf3 28. Qd4 Rf8 29. Rd3 Qe2 30. Qd6+ 1-0

[Event "AUTO-ADV-3703"]
[Site "http://www.queenalice.com/game.php?id=1441282"]
[Date "2016.9.14"]
[Round "1"]
[White "dmbenati"]
[Black "paco78"]
[Result "0-1"]
[WhiteElo "1735"]
[BlackElo "1885"]

1. e4 e5 2. Nf3 Nf6 3. d3 Nc6 4. Nc3 a6 5. Nh4 Nxe4 6. Nf3 Nf6 7. Qe2 d6 8. Ng5
h6 9. Nge4 Nxe4 10. Qxe4 f5 11. Qf3 Nd4 12. Qd1 g5 13. Be2 Nxe2 14. Qxe2 Be6 15.
b3 Qf6 16. O-O O-O-O 17. Qf3 f4 18. Nd5 Qf7 19. c4 g4 20. Qe4 Bf5 21. Qe2 Qg6
22. f3 Bxd3 23. Nxf4 exf4 24. Qe1 Re8 25. Qc3 Bg7 0-1

[Event "AUTO-OPEN-3705"]
[Site "http://www.queenalice.com/game.php?id=1441474"]
[Date "2016.9.16"]
[Round "1"]
[White "rich"]
[Black "paco78"]
[Result "1-0"]
[WhiteElo "2110"]
[BlackElo "1729"]

1. e4 e5 2. Nf3 Nf6 3. d4 exd4 4. e5 Qe7 5. Qxd4 Nc6 6. Qe3 Ng4 7. Qe4 Ngxe5 8.
Be3 Qb4+ 9. Qxb4 Nxf3+ 10. gxf3 Bxb4+ 11. c3 Be7 12. Rg1 Bf6 13. Nd2 a6 14. Ne4
d6 15. Nxf6+ gxf6 16. O-O-O Be6 17. b3 O-O-O 18. f4 a5 19. Be2 1-0

[Event "AUTO-OPEN-3705"]
[Site "http://www.queenalice.com/game.php?id=1441475"]
[Date "2016.9.16"]
[Round "1"]
[White "paco78"]
[Black "rich"]
[Result "0-1"]
[WhiteElo "1727"]
[BlackElo "2111"]

1. d4 Nf6 2. Nc3 d5 3. h3 c6 4. Bf4 Bf5 5. a3 e6 6. Nf3 Bd6 7. Ne5 O-O 8. e3 c5
9. Nb5 Be7 10. dxc5 Bxc5 11. Nd3 Qa5+ 12. Nc3 Be7 13. b4 Qd8 14. Nb5 Na6 15. Be2
Qb6 16. Ne5 Rfd8 17. O-O Ne4 18. g4 Bg6 19. Nxg6 hxg6 0-1

[Event "AUTO-OPEN-3705"]
[Site "http://www.queenalice.com/game.php?id=1441500"]
[Date "2016.9.16"]
[Round "1"]
[White "paco78"]
[Black "Eggchaser"]
[Result "0-1"]
[WhiteElo "1887"]
[BlackElo "1942"]

1. d4 Nf6 2. Nc3 d5 3. h3 c6 4. Bf4 Bf5 5. Nf3 h6 6. a3 e6 7. e3 Bd6 8. Bxd6
Qxd6 9. Nh4 Bh7 10. f4 Nbd7 11. Nf3 Nh5 12. Qe2 Ng3 13. Qd2 Nxh1 14. g4 Ng3 15.
O-O-O Nxf1 16. Rxf1 Nf6 17. Ne5 Nd7 18. Nf3 Nf6 19. Qf2 Ne4 20. Qe1 Nxc3 21.
Qxc3 Be4 22. h4 Bxf3 23. Rxf3 O-O-O 24. Qe1 f6 25. Rh3 e5 26. Qf2 exd4 27. exd4
Rde8 28. f5 Re4 29. Rg3 Rhe8 30. b4 Qf4+ 31. Qxf4 Rxf4 32. c3 Ree4 33. g5 hxg5
34. hxg5 Rg4 35. gxf6 gxf6 36. Rh3 Rh4 37. Rf3 Kd7 38. Kd2 Ref4 39. Rg3 Rh7 40.
Kd3 Rxf5 41. a4 Rg5 42. Rf3 f5 43. c4 Re7 44. c5 Re4 45. b5 f4 0-1

[Event "AUTO-OPEN-3705"]
[Site "http://www.queenalice.com/game.php?id=1441501"]
[Date "2016.9.16"]
[Round "1"]
[White "Eggchaser"]
[Black "paco78"]
[Result "0-1"]
[WhiteElo "1962"]
[BlackElo "1867"]

1. e4 e5 2. Nf3 Nf6 3. Nxe5 Qe7 4. d4 d6 5. Nf3 Nxe4 6. Be3 g6 7. Bd3 Bh6 8. Qe2
Bxe3 9. Qxe3 f5 10. d5 O-O 11. Nbd2 Re8 12. O-O Nf6 13. Qxe7 Rxe7 14. c4 Na6 15.
Rfe1 Rxe1+ 16. Rxe1 Bd7 17. b3 Nb4 18. Bb1 b5 19. a3 Na6 20. Nd4 bxc4 21. bxc4
Rb8 22. Bd3 Nc5 23. Bb1 Na4 24. N2b3 Nb2 25. c5 dxc5 26. Nxc5 Bc8 27. Nc6 Rb5
28. Ne7+ Kf7 29. Nxc8 Rxc5 30. f3 h5 31. Ba2 Nc4 32. Re7+ Kf8 33. Bxc4 Rxc4 34.
Re6 Kf7 35. Rc6 Rxc6 36. dxc6 a5 37. Na7 Nd5 38. Kf2 Ke7 39. g3 Kd6 0-1

[Event "AUTO-OPEN-3705"]
[Site "http://www.queenalice.com/game.php?id=1441502"]
[Date "2016.9.16"]
[Round "1"]
[White "paco78"]
[Black "Alcar"]
[Result "0-1"]
[WhiteElo "1831"]
[BlackElo "1527"]

1. d4 d5 2. Nc3 Nf6 3. h3 Bf5 4. Bf4 Nc6 5. Nb5 e5 6. dxe5 Ne4 7. e6 Bxe6 8.
Nxc7+ Qxc7 9. Bxc7 Be7 10. Bh2 O-O 11. a3 Bc5 12. e3 Rad8 13. Bd3 Ng5 14. Qh5 g6
15. Qxg5 Be7 16. Qh6 Bf6 17. Nf3 d4 18. exd4 Nxd4 19. Nxd4 Bxd4 20. O-O-O Bxf2
21. Be5 f6 0-1

[Event "AUTO-OPEN-3705"]
[Site "http://www.queenalice.com/game.php?id=1441503"]
[Date "2016.9.16"]
[Round "1"]
[White "Alcar"]
[Black "paco78"]
[Result "1-0"]
[WhiteElo "1555"]
[BlackElo "1803"]

1. d4 d5 2. c4 dxc4 3. Nc3 a6 4. a4 c6 5. e4 Nf6 6. Bxc4 e6 7. Nf3 Bb4 8. O-O
Bxc3 9. bxc3 Nxe4 10. Qc2 Nd6 11. Bb3 O-O 12. Bf4 h6 13. Rad1 b5 14. Bxd6 Qxd6
15. Ne5 Ra7 16. Qd3 bxa4 17. Bxa4 a5 18. Nc4 Qd5 19. Nb6 Ba6 20. Nxd5 Bxd3 21.
Rxd3 1-0

[Event "AUTO-OPEN-3275"]
[Site "http://www.queenalice.com/game.php?id=1444791"]
[Date "2016.10.8"]
[Round "2"]
[White "sia"]
[Black "paco78"]
[Result "1-0"]
[WhiteElo "1978"]
[BlackElo "1842"]

1. g3 d5 2. d3 Nc6 3. Bg2 Bf5 4. Nf3 h6 5. O-O Nf6 6. Nc3 e5 7. e3 e4 8. Nh4 Bh7
9. dxe4 Nxe4 10. Nxd5 Qd7 11. f3 Nd6 12. e4 O-O-O 13. Nf4 g5 14. Bh3 f5 15. Nfg6
gxh4 16. Nxh8 hxg3 17. hxg3 Kb8 18. exf5 1-0

[Event "AUTO-OPEN-3275"]
[Site "http://www.queenalice.com/game.php?id=1444792"]
[Date "2016.10.8"]
[Round "2"]
[White "paco78"]
[Black "sia"]
[Result "0-1"]
[WhiteElo "1854"]
[BlackElo "1966"]

1. d4 e6 2. Bf4 d6 3. Nf3 Nc6 4. Nc3 Be7 5. e3 Nf6 6. h3 Bd7 7. e4 O-O 8. e5
dxe5 9. Nxe5 Bd6 10. Nxd7 Qxd7 11. Bxd6 Qxd6 12. Ne2 Qb4+ 13. c3 Qxb2 14. Qb1
Qxb1+ 15. Rxb1 b6 16. g4 Na5 17. Bg2 Nd5 0-1

[Event "AUTO-OPEN-3275"]
[Site "http://www.queenalice.com/game.php?id=1444801"]
[Date "2016.10.8"]
[Round "2"]
[White "paco78"]
[Black "Fauquinelle"]
[Result "0-1"]
[WhiteElo "1894"]
[BlackElo "2056"]

1. d4 Nf6 2. Nc3 d5 3. h3 Bf5 4. Bf4 Nc6 5. Nb5 Rc8 6. a3 a6 7. Nc3 e6 8. Nf3
Bd6 9. Ne5 Bxe5 10. Bxe5 Nxe5 11. dxe5 Nd7 12. f4 Qh4+ 13. Kd2 Qxf4+ 14. Ke1
Nxe5 15. Qd2 Qg3+ 16. Kd1 Nc4 17. Qc1 Rd8 18. h4 d4 19. Na4 b6 20. Qg5 Ne3+ 0-1

[Event "AUTO-OPEN-3275"]
[Site "http://www.queenalice.com/game.php?id=1444802"]
[Date "2016.10.8"]
[Round "2"]
[White "Fauquinelle"]
[Black "paco78"]
[Result "1-0"]
[WhiteElo "2046"]
[BlackElo "1904"]

1. d4 d5 2. c4 dxc4 3. Nf3 Nf6 4. e3 h6 5. Bxc4 e6 6. O-O a6 7. Nc3 Bd6 8. e4
Bb4 9. Qa4+ Nc6 10. d5 Bxc3 11. dxc6 O-O 12. bxc3 Nxe4 13. Qc2 Nd6 14. Rd1 Qf6
15. Be3 Nxc4 16. Bd4 Qf4 17. Qb3 Na5 18. cxb7 1-0

[Event "AUTO-OPEN-3275"]
[Site "http://www.queenalice.com/game.php?id=1444803"]
[Date "2016.10.8"]
[Round "2"]
[White "paco78"]
[Black "goldenboy"]
[Result "0-1"]
[WhiteElo "1744"]
[BlackElo "1759"]

1. d4 d5 2. Nc3 Nf6 3. h3 Bf5 4. Bf4 e6 5. a3 a6 6. Nf3 Bd6 7. Bxd6 Qxd6 8. Nh4
Bg6 9. Nxg6 hxg6 10. e3 Nbd7 11. Qd3 e5 12. dxe5 Nxe5 13. Qd2 Nc4 14. Bxc4 dxc4
15. Qxd6 cxd6 0-1

[Event "AUTO-OPEN-3275"]
[Site "http://www.queenalice.com/game.php?id=1444804"]
[Date "2016.10.8"]
[Round "2"]
[White "goldenboy"]
[Black "paco78"]
[Result "1-0"]
[WhiteElo "1742"]
[BlackElo "1761"]

1. e4 e5 2. f4 exf4 3. Nf3 Nc6 4. d4 Nf6 5. e5 Nd5 6. Bc4 Ne3 7. Bxe3 fxe3 8. a3
g6 9. O-O Bh6 10. Nc3 d6 11. exd6 Qxd6 12. Ne4 Qe7 13. Qd3 Bf5 14. Bd5 Rd8 15.
Bxc6+ bxc6 16. Ne5 1-0